header

The land of little rain (Record no. 2844)

MARC details
000 -LEADER
fixed length control field 01112nam a2200277Ia 4500
100 1# - MAIN ENTRY--AUTHOR NAME
Personal name Austin, Mary Hunter,
245 14 - TITLE STATEMENT
Title The land of little rain
260 ## - PUBLICATION, DISTRIBUTION, ETC. (IMPRINT)
Place of publication [South Bend, IN] :
Name of publisher Infomotions, Inc. ;
Place of publication [Salt Lake City, Utah] :
Name of publisher Project Gutenburg,
Year of publication 2001, c1995.
300 ## - PHYSICAL DESCRIPTION
Number of Pages 60 p.
650 #0 - SUBJECT ADDED ENTRY--TOPICAL TERM
Topical Term Natural history
856 40 - ELECTRONIC LOCATION AND ACCESS
Uniform Resource Identifier http://site.ebrary.com/lib/rucke/Doc?id=5000491

No items available.

© 2026 Rongo University
Contact us: librarian | system librarian | Rongo university